[Event "III Festival Magistrale"]
[Site "Nereto ITA"]
[Date "1998.08.15"]
[Round "5"]
[White "Farina, Saverio"]
[Black "Lauria, Amilcare"]
[Result "0-1"]
[WhiteElo "2170"]
[BlackElo "2255"]
[PlyCount "152"]
[EventDate "1998.08.11"]

1.d4 g6 2.c4 Bg7 3.Nc3 d6 4.e4 c6 5.Nge2 Nf6 6.Ng3 O-O 7.Be2 h5 8.Bg5 Qa5 
9.Bd2 Qc7 10.Bg5 Nbd7 11.Qd2 e5 12.d5 c5 13.a4 Re8 14.O-O Nf8 15.Rfe1 N8h7
16.Be3 Ng4 17.Bxg4 Bxg4 18.h3 Bc8 19.Nf1 Qd8 20.Nh2 f5 21.exf5 gxf5 22.f4 
e4 23.Nf1 Qe7 24.Bf2 Kh8 25.Ne3 Rg8 26.Kh1 a6 27.Rg1 Bd7 28.a5 Bh6 29.Ne2 
Bg7 30.Rab1 Raf8 31.b4 cxb4 32.Rxb4 Bc8 33.Rb6 Rd8 34.Ng3 Qf7 35.Ne2 Qg6 
36.c5 Nf6 37.cxd6 Ng4 38.Nxg4 hxg4 39.h4 Rxd6 40.g3 Rgd8 41.Rxd6 Qxd6 42.
Rd1 Bd7 43.Bd4 Kh7 44.Bxg7 Kxg7 45.Qd4+ Qf6 46.Kg1 Rc8 47.Kf2 Qxd4+ 48.
Nxd4 Rc5 49.Nb3 Rc2+ 50.Rd2 Rc3 51.Rb2 Bb5 52.Nd4 e3+ 53.Kg2 Rd3 54.Nxb5 
axb5 55.Kf1 Rxd5 56.Ke2 Rc5 57.Kxe3 Kf6 58.Kd4 Rc4+ 59.Kd5 Rc3 60.Rxb5 
Rd3+ 61.Kc5 Rxg3 62.Rb6+ Kg7 63.Rxb7+ Kh6 64.a6 Ra3 65.a7 g3 66.Rb2 Rxa7 
67.Kd5 Ra5+ 68.Ke6 Kh5 69.Rb8 Kxh4 70.Rg8 Kh3 71.Kf6 g2 72.Rh8+ Kg3 73.
Rg8+ Kf2 74.Rg5 g1=Q 75.Rxf5 Ra6+ 76.Ke5 Qe1+ 0-1

[Event "III Festival Magistrale"]
[Site "Nereto ITA"]
[Date "1998.08.15"]
[Round "5"]
[White "Jurkovic, Ante"]
[Black "Sansonetti, Giorgio"]
[Result "1-0"]
[WhiteElo "2315"]
[BlackElo "2200"]
[PlyCount "79"]
[EventDate "1998.08.11"]

1.e4 c5 2.Nf3 Nc6 3.d4 cxd4 4.Nxd4 Nf6 5.Nc3 e5 6.Ndb5 d6 7.Bg5 a6 8.Na3 
b5 9.Bxf6 gxf6 10.Nd5 f5 11.c3 Bg7 12.exf5 Bxf5 13.Nc2 Be6 14.g3 O-O 15.
Bg2 Rc8 16.a4 Ne7 17.Ncb4 Nxd5 18.Bxd5 Bh3 19.axb5 axb5 20.Qh5 Qd7 21.f3 
Bf5 22.O-O Bg6 23.Qg4 Qc7 24.h4 Kh8 25.h5 f5 26.Qh3 Bf7 27.h6 Bxd5 28.
hxg7+ Kxg7 29.Nxd5 Qc5+ 30.Rf2 Qxd5 31.Rh2 Qc5+ 32.Kg2 Rf7 33.Qxh7+ Kf8 
34.Qg6 Re8 35.Rh8+ Ke7 36.Rxe8+ Kxe8 37.Qe6+ Kf8 38.Rh1 Kg8 39.Qe8+ Kg7 
40.Qh8+ 1-0

[Event "III Festival Magistrale"]
[Site "Nereto ITA"]
[Date "1998.08.15"]
[Round "5"]
[White "Lazarev, Vladimir"]
[Black "Komljenovic, Davorin"]
[Result "1-0"]
[WhiteElo "2450"]
[BlackElo "2480"]
[PlyCount "101"]
[EventDate "1998.08.11"]

1.d4 Nf6 2.c4 g6 3.Nc3 Bg7 4.e4 d6 5.h3 c6 6.Nf3 O-O 7.Bg5 e5 8.d5 h6 9.
Be3 Na6 10.Nd2 Nh5 11.g3 c5 12.Be2 Nf6 13.g4 Nc7 14.a3 Bd7 15.b4 b6 16.Rb1
Qe7 17.h4 Nxg4 18.Bxg4 f5 19.bxc5 fxg4 20.c6 Bc8 21.h5 g5 22.Ne2 Na6 23.
Ng3 Nc5 24.Nb3 Na6 25.a4 Bf6 26.a5 Nc5 27.axb6 axb6 28.Nxc5 bxc5 29.O-O 
Ra3 30.Ra1 Qa7 31.Rxa3 Qxa3 32.Qa1 Qb3 33.Rc1 Bd8 34.Qc3 Qb8 35.Ra1 Be7 
36.Qc2 Bd8 37.Nf5 Bxf5 38.exf5 Bf6 39.Qe4 Qe8 40.Qxg4 e4 41.Ra7 Bd4 42.f6 
Bxf6 43.Qd7 Qxd7 44.Rxd7 Rd8 45.c7 Rc8 46.Rxd6 Kf7 47.Rd7+ Ke8 48.Rh7 Be7 
49.Rxh6 Kd7 50.Rh7 Kd6 51.Bxc5+ 1-0

[Event "III Festival Magistrale"]
[Site "Nereto ITA"]
[Date "1998.08.15"]
[Round "5"]
[White "Simeoni, Matteo"]
[Black "Sbraccia, Giovanni"]
[Result "1-0"]
[WhiteElo "2035"]
[BlackElo "2115"]
[PlyCount "55"]
[EventDate "1998.08.11"]

1.e4 c6 2.Nc3 d5 3.Nf3 Bg4 4.h3 Bxf3 5.Qxf3 e6 6.d4 dxe4 7.Nxe4 Nf6 8.Bd3 
Nbd7 9.O-O Be7 10.Bd2 O-O 11.c4 Qb6 12.Bc3 Qc7 13.Rfe1 Rab8 14.Rac1 Rfc8 
15.d5 exd5 16.Ng5 Bd6 17.Bxh7+ Kf8 18.Bf5 Bh2+ 19.Kh1 Qf4 20.Bxd7 d4 21.
Bxc8 Rxc8 22.Bb4+ Kg8 23.g3 Qxg5 24.Kxh2 g6 25.Be7 d3 26.Bxf6 Qc5 27.Qe3 
Qb6 28.Qxb6 1-0

[Event "III Festival Magistrale"]
[Site "Nereto ITA"]
[Date "1998.08.15"]
[Round "5"]
[White "Suppa, Ercole"]
[Black "Aleksic, Nenad"]
[Result "0-1"]
[WhiteElo "2115"]
[BlackElo "2445"]
[PlyCount "98"]
[EventDate "1998.08.11"]

1.d4 Nf6 2.Nf3 b6 3.Bg5 Ne4 4.Bh4 d5 5.Nbd2 Qd6 6.c3 Qh6 7.Qc1 Nxd2 8.Qxd2
Qxd2+ 9.Nxd2 e6 10.e3 Bd6 11.Bg3 Ke7 12.a4 a5 13.Bd3 Ba6 14.Bxa6 Nxa6 15.
Ke2 Rhc8 16.b3 c5 17.Bxd6+ Kxd6 18.Rac1 Rc6 19.Rhd1 Rac8 20.Nb1 Ke7 21.Rd2
Nc7 22.Na3 Rb8 23.c4 cxd4 24.exd4 Rd8 25.Ke3 dxc4 26.bxc4 Nd5+ 27.Ke4 Nf6+
28.Kf3 Ne8 29.Ke3 Nd6 30.g4 h5 31.h3 hxg4 32.hxg4 f5 33.f3 Rh8 34.c5 bxc5 
35.Rxc5 Rb6 36.Nb5 fxg4 37.fxg4 Rh3+ 38.Kf4 Nxb5 39.axb5 Rb3 40.Rc7+ Kf6 
41.Rh2 R6xb5 42.Rh7 Rd5 43.Ke4 Rg5 44.Kf4 Rb4 45.Rf7+ Kxf7 46.Kxg5 Rb5+ 
47.Kf4 a4 48.Rh2 a3 49.Ra2 Ra5 0-1

[Event "III Festival Magistrale"]
[Site "Nereto ITA"]
[Date "1998.08.16"]
[Round "6"]
[White "Aleksic, Nenad"]
[Black "Komljenovic, Davorin"]
[Result "1/2-1/2"]
[WhiteElo "2445"]
[BlackElo "2480"]
[PlyCount "81"]
[EventDate "1998.08.11"]

1.e4 c5 2.Nf3 d6 3.d4 cxd4 4.Nxd4 Nf6 5.Nc3 g6 6.Bc4 Bg7 7.h3 O-O 8.O-O 
Nc6 9.Be3 Bd7 10.Bb3 Na5 11.Re1 a6 12.Qd3 e6 13.Rad1 b5 14.a3 Qc7 15.Nf3 
Bc6 16.Bf4 Rfd8 17.Bxd6 Qb7 18.Qe2 Nxe4 19.Nxe4 Bxe4 20.Qxe4 Qxe4 21.Rxe4 
Nb7 22.Re2 Rxd6 23.Rxd6 Nxd6 24.c3 Rd8 25.Rd2 Kf8 26.a4 Ke7 27.axb5 axb5 
28.Kf1 Ne4 29.Rxd8 Kxd8 30.Ke2 Ke7 31.Bc2 Nd6 32.Nd2 f5 33.Bd3 e5 34.f3 
Bh6 35.b3 Ke6 36.Kd1 Kd5 37.Nb1 e4 38.fxe4+ fxe4 39.Be2 b4 40.cxb4 Kd4 41.
Nd2 1/2-1/2

[Event "III Festival Magistrale"]
[Site "Nereto ITA"]
[Date "1998.08.16"]
[Round "6"]
[White "Jurkovic, Ante"]
[Black "Badea, Bela"]
[Result "1/2-1/2"]
[WhiteElo "2315"]
[BlackElo "2530"]
[PlyCount "62"]
[EventDate "1998.08.11"]

1.e4 g6 2.d4 d6 3.Nf3 Bg7 4.Be3 Nf6 5.Nc3 a6 6.a4 O-O 7.Qd2 Nc6 8.Bh6 Bg4 
9.Bxg7 Kxg7 10.Be2 e5 11.d5 Bxf3 12.Bxf3 Nd4 13.Bd1 c6 14.dxc6 bxc6 15.O-O
Qb6 16.Rb1 a5 17.Kh1 Qc5 18.f4 exf4 19.Rxf4 Ne6 20.Rf1 Qd4 21.Qe1 Qe5 22.
Bf3 Rab8 23.b3 h5 24.Nd1 Ng5 25.Nf2 Rbe8 26.Qd2 h4 27.Rbd1 Ngxe4 28.Nxe4 
Nxe4 29.Bxe4 Qxe4 30.Rf4 Qe2 31.Qxd6 Re6 1/2-1/2

[Event "III Festival Magistrale"]
[Site "Nereto ITA"]
[Date "1998.08.16"]
[Round "6"]
[White "Lazarev, Vladimir"]
[Black "Barlov, Dragan"]
[Result "1-0"]
[WhiteElo "2450"]
[BlackElo "2495"]
[PlyCount "85"]
[EventDate "1998.08.11"]

1.d4 d6 2.c4 e5 3.Nf3 Nd7 4.e4 Ngf6 5.Nc3 Be7 6.Be2 O-O 7.O-O c6 8.Rb1 Re8
9.Re1 exd4 10.Nxd4 Bf8 11.Bf1 h6 12.Bf4 Ne5 13.f3 a6 14.Kh1 Bd7 15.a4 a5 
16.Qd2 Qc7 17.Be3 Bc8 18.Qf2 Ng6 19.Rbd1 Nh7 20.Nf5 Bxf5 21.exf5 Ne5 22.g4
Nd7 23.Qg3 Rad8 24.h4 Qc8 25.g5 hxg5 26.hxg5 Ne5 27.f4 Qxf5 28.fxe5 Rxe5 
29.Bf4 Rxe1 30.Rxe1 d5 31.cxd5 cxd5 32.Bd3 Qd7 33.Kg2 g6 34.Rh1 Bg7 35.Qh3
Qxh3+ 36.Rxh3 Nf8 37.Kf3 Ne6 38.Kg4 Nc5 39.Bc7 Rd7 40.Bxa5 Ne6 41.Bb5 Rd6 
42.Bb4 Rd8 43.Be7 1-0

[Event "III Festival Magistrale"]
[Site "Nereto ITA"]
[Date "1998.08.16"]
[Round "6"]
[White "Sansonetti, Giorgio"]
[Black "Sbraccia, Giovanni"]
[Result "1/2-1/2"]
[WhiteElo "2200"]
[BlackElo "2115"]
[PlyCount "83"]
[EventDate "1998.08.11"]

1.d4 Nf6 2.Nf3 c5 3.e3 g6 4.Bd3 Bg7 5.O-O O-O 6.Nbd2 b6 7.c3 Ba6 8.Bxa6 
Nxa6 9.Qe2 Nc7 10.e4 d6 11.Rd1 Nd7 12.Nf1 Qe8 13.b3 Rc8 14.Bb2 e6 15.dxc5 
Nxc5 16.Ng3 d5 17.e5 Qb5 18.Qe3 Qa6 19.h4 Nb5 20.a4 Nc7 21.Nd4 Qb7 22.Ba3 
Rfe8 23.h5 Nd7 24.Bd6 a6 25.h6 Bf8 26.Bxf8 Nxf8 27.Qg5 Red8 28.Nh5 b5 29.
axb5 axb5 30.Ra7 Qxa7 31.Nc6 Qc5 32.Nxd8 Nd7 33.Rd3 Qf8 34.Nc6 Kh8 35.Rg3 
Ne8 36.Ne7 Ra8 37.b4 Ra1+ 38.Kh2 Re1 39.f4 Re4 40.Nf6 Nexf6 41.exf6 Qb8 
42.Rf3 1/2-1/2

[Event "III Festival Magistrale"]
[Site "Nereto ITA"]
[Date "1998.08.16"]
[Round "6"]
[White "Suppa, Ercole"]
[Black "Simeoni, Matteo"]
[Result "1/2-1/2"]
[WhiteElo "2115"]
[BlackElo "2035"]
[PlyCount "27"]
[EventDate "1998.08.11"]

1.d4 f5 2.Bf4 Nf6 3.e3 e6 4.Nf3 Be7 5.h3 b6 6.Nbd2 Bb7 7.Bd3 O-O 8.c3 Qe8 
9.Bxc7 Nd5 10.Bxb8 Rxb8 11.Qe2 d6 12.g3 Qh5 13.O-O-O Rbc8 14.a3 1/2-1/2

[Event "III Festival Magistrale"]
[Site "Nereto ITA"]
[Date "1998.08.16"]
[Round "6"]
[White "Tribuiani, Renato"]
[Black "Safranska, Anda"]
[Result "0-1"]
[WhiteElo "2125"]
[BlackElo "2275"]
[PlyCount "109"]
[EventDate "1998.08.11"]

1.e4 d6 2.d4 Nf6 3.Nc3 g6 4.Nf3 Bg7 5.h3 O-O 6.Be3 c6 7.Bd3 Re8 8.O-O e5 
9.dxe5 dxe5 10.Qd2 Nbd7 11.Rad1 Qe7 12.Ng5 h6 13.Nf3 Kh7 14.g4 Nc5 15.g5 
Ng8 16.gxh6 Bxh6 17.Bxh6 Nxh6 18.Ne2 Kg7 19.Kg2 f6 20.Rh1 Nf7 21.h4 Rh8 
22.Ng3 Ne6 23.Rdg1 Nf4+ 24.Kf1 Kf8 25.Ne2 Nxe2 26.Kxe2 Rh6 27.Bc4 Be6 28.
Bxe6 Qxe6 29.Qb4+ Qe7 30.Qc3 Rd8 31.Rd1 Nd6 32.Qe3 Rh8 33.Rhg1 Kg7 34.Qxa7
Nxe4 35.h5 g5 36.Nh4 Qb4 37.Nf5+ Kh7 38.Rge1 Nd2 39.Rxd2 Rxd2+ 40.Kf1 Qc4+
41.Kg2 Rd7 42.Ne3 Qe6 43.Qa4 f5 44.Qb4 Re8 45.c3 Kh6 46.a4 f4 47.Nc2 Qg4+ 
48.Kf1 Qxh5 49.Qe4 Qg6 50.Qe2 Qd3 51.Nd4 Qxe2+ 52.Rxe2 Kg6 53.Nb3 f3 54.
Re1 Rh8 55.Kg1 0-1

[Event "III Festival Magistrale"]
[Site "Nereto ITA"]
[Date "1998.08.17"]
[Round "7"]
[White "Contin, Daniel"]
[Black "Lazarev, Vladimir"]
[Result "1/2-1/2"]
[WhiteElo "2340"]
[BlackElo "2450"]
[PlyCount "23"]
[EventDate "1998.08.11"]

1.e4 c5 2.Nf3 Nc6 3.d4 cxd4 4.Nxd4 Qc7 5.Nc3 e6 6.g3 a6 7.Bg2 Nf6 8.O-O 
Bc5 9.Nb3 Ba7 10.Bf4 Ne5 11.Nd4 O-O 12.h3 1/2-1/2

[Event "III Festival Magistrale"]
[Site "Nereto ITA"]
[Date "1998.08.17"]
[Round "7"]
[White "Jurkovic, Ante"]
[Black "Farina, Saverio"]
[Result "1/2-1/2"]
[WhiteElo "2315"]
[BlackElo "2170"]
[PlyCount "103"]
[EventDate "1998.08.11"]

1.e4 e6 2.d3 d5 3.Nd2 c5 4.Ngf3 Nc6 5.g3 Nf6 6.Bg2 Be7 7.O-O O-O 8.Re1 Qc7
9.c3 b5 10.Nf1 dxe4 11.dxe4 Bb7 12.Qe2 b4 13.e5 Nd5 14.c4 Nb6 15.b3 a5 16.
Bb2 a4 17.h4 Rfd8 18.N1h2 a3 19.Bc1 Qd7 20.Bg5 Qd3 21.Bxe7 Qxe2 22.Rxe2 
Nxe7 23.Ng5 Bxg2 24.Kxg2 Nc6 25.f4 Nd4 26.Rf2 Nf5 27.Ne4 Rac8 28.Re1 Kf8 
29.h5 h6 30.g4 Nd4 31.Rd1 Nd7 32.Rfd2 Ra8 33.Nf3 Nxf3 34.Kxf3 Ke7 35.Nd6 
Nb6 36.Ke4 Rd7 37.g5 Rad8 38.Rd3 Rg8 39.Rg1 Rgd8 40.gxh6 gxh6 41.Rg7 Kf8 
42.Rgg3 f5+ 43.Ke3 Nc8 44.Rg6 Nxd6 45.Rxd6 Rxd6 46.exd6 Rxd6 47.Rxh6 Kg7 
48.Rg6+ Kh7 49.Ke2 Rc6 50.Ke3 Rd6 51.Ke2 Rc6 52.Ke3 1/2-1/2

[Event "III Festival Magistrale"]
[Site "Nereto ITA"]
[Date "1998.08.17"]
[Round "7"]
[White "Komljenovic, Davorin"]
[Black "Badea, Bela"]
[Result "1/2-1/2"]
[WhiteElo "2480"]
[BlackElo "2530"]
[PlyCount "22"]
[EventDate "1998.08.11"]

1.d4 g6 2.e4 d6 3.Nc3 c6 4.f4 d5 5.Nf3 dxe4 6.Nxe4 Bg7 7.c3 Nf6 8.Nxf6+ 
Bxf6 9.Bc4 O-O 10.O-O Bg4 11.Be3 e6 1/2-1/2

[Event "III Festival Magistrale"]
[Site "Nereto ITA"]
[Date "1998.08.17"]
[Round "7"]
[White "Lauria, Amilcare"]
[Black "Suppa, Ercole"]
[Result "1/2-1/2"]
[WhiteElo "2255"]
[BlackElo "2115"]
[PlyCount "93"]
[EventDate "1998.08.11"]

1.e4 e6 2.d4 d5 3.Nc3 Nf6 4.e5 Nfd7 5.f4 c5 6.Nf3 Nc6 7.Bd3 a6 8.O-O cxd4 
9.Ne2 Bc5 10.a3 f6 11.Ng3 O-O 12.Qe2 b5 13.Bd2 a5 14.Kh1 b4 15.a4 Bb6 16.
b3 f5 17.Ng5 Nc5 18.Rg1 h6 19.Nh3 Ra7 20.Nh5 Ne4 21.Be1 g6 22.g4 Kh8 23.
Nf6 Nxf6 24.exf6 Qxf6 25.g5 hxg5 26.Nxg5 Kg7 27.Rg3 Rh8 28.Qg2 Kf8 29.Rh3 
Rxh3 30.Qxh3 Qg7 31.Bf2 Bd8 32.Nf3 Bf6 33.Re1 Qh8 34.Qg2 Qh6 35.Bb5 Rc7 
36.Bg3 Na7 37.Bd3 Nc6 38.Ng5 Nd8 39.Qe2 Qh5 40.Qf2 Re7 41.Be2 Qh6 42.Bf3 
Nf7 43.Qe2 Nd6 44.Bg2 Ne4 45.Bxe4 dxe4 46.Qb5 Bb7 47.Nxe6+ 1/2-1/2

[Event "III Festival Magistrale"]
[Site "Nereto ITA"]
[Date "1998.08.17"]
[Round "7"]
[White "Safranska, Anda"]
[Black "Sansonetti, Giorgio"]
[Result "1-0"]
[WhiteElo "2275"]
[BlackElo "2200"]
[PlyCount "43"]
[EventDate "1998.08.11"]

1.e4 c5 2.Nc3 e6 3.f4 b6 4.Nf3 Bb7 5.d3 d5 6.Qe2 d4 7.Nd1 f6 8.g3 Qc7 9.
Bh3 Qc6 10.O-O Nd7 11.c3 dxc3 12.Nxc3 O-O-O 13.Be3 Ba6 14.a4 Kb8 15.Nb5 e5
16.fxe5 Nxe5 17.Nxe5 fxe5 18.Qh5 Qe8 19.Rxf8 Qxf8 20.Qxe5+ Ka8 21.Nc7+ Kb7
22.Ne6 1-0

[Event "III Festival Magistrale"]
[Site "Nereto ITA"]
[Date "1998.08.17"]
[Round "7"]
[White "Simeoni, Matteo"]
[Black "Tribuiani, Renato"]
[Result "0-1"]
[WhiteElo "2035"]
[BlackElo "2125"]
[PlyCount "88"]
[EventDate "1998.08.11"]

1.e4 Nc6 2.d4 d5 3.Nc3 Nf6 4.e5 Nd7 5.Bg5 Nb6 6.f4 h6 7.Bh4 Bf5 8.Bd3 Nxd4
9.Bb5+ Nxb5 10.Nxb5 Qd7 11.Qe2 e6 12.Nh3 Bc5 13.Bf2 Bxf2+ 14.Nxf2 h5 15.
Rd1 a6 16.Nd4 Bg6 17.O-O O-O-O 18.Nd3 Bxd3 19.Rxd3 g6 20.Ra3 Nc4 21.Rc3 
Kb8 22.Rff3 c5 23.Nb3 Qb5 24.a4 Qb6 25.Kh1 Rc8 26.Qf2 Qb4 27.Qe2 Qxa4 28.
h3 Qb5 29.Nc1 Qxb2 30.Qe1 Qb4 31.Na2 Qa5 32.Qa1 Rc6 33.Rfd3 Rhc8 34.Kh2 
Rb6 35.Rb3 Rxb3 36.Rxb3 Nd2 37.Rb2 Ne4 38.Qb1 Rc7 39.c4 h4 40.cxd5 exd5 
41.Re2 Qa3 42.Qd1 Rd7 43.Nc1 Qg3+ 44.Kg1 Nc3 0-1

[Event "III Festival Magistrale"]
[Site "Nereto ITA"]
[Date "1998.08.18"]
[Round "8"]
[White "Badea, Bela"]
[Black "Aleksic, Nenad"]
[Result "1/2-1/2"]
[WhiteElo "2530"]
[BlackElo "2445"]
[PlyCount "31"]
[EventDate "1998.08.11"]

1.Nf3 Nf6 2.g3 b6 3.Bg2 Bb7 4.O-O e6 5.b3 Be7 6.Bb2 O-O 7.c4 d5 8.e3 Na6 
9.cxd5 Nxd5 10.d4 c5 11.a3 Rc8 12.Re1 Nf6 13.Nc3 cxd4 14.Nxd4 Bxg2 15.Kxg2
Nc5 16.e4 1/2-1/2

[Event "III Festival Magistrale"]
[Site "Nereto ITA"]
[Date "1998.08.18"]
[Round "8"]
[White "Barlov, Dragan"]
[Black "Jurkovic, Ante"]
[Result "1/2-1/2"]
[WhiteElo "2495"]
[BlackElo "2315"]
[PlyCount "136"]
[EventDate "1998.08.11"]

1.d4 Nf6 2.g3 c5 3.d5 e6 4.c4 exd5 5.cxd5 d6 6.Nc3 Qa5 7.Nf3 Be7 8.Nd2 b5 
9.Bg2 b4 10.Nce4 Nxe4 11.Nxe4 O-O 12.O-O Nd7 13.a3 Nf6 14.Bd2 Nxe4 15.Bxe4
Qb5 16.axb4 cxb4 17.Qc2 h6 18.Bh7+ Kh8 19.Bd3 Qc5 20.Qb3 Bb7 21.Bxb4 Qxd5 
22.Qxd5 Bxd5 23.Ra5 Be6 24.Bc3 Bd8 25.Rh5 Kg8 26.Rb5 Bb6 27.Kg2 Rac8 28.
Ra1 Rfe8 29.e4 Red8 30.Ba5 Rc5 31.Bxb6 axb6 32.Rxb6 Bc4 33.Bxc4 Rxc4 34.
Rd1 Rc2 35.b4 Rb2 36.Rd3 Re8 37.Kf3 Re6 38.Ke3 f5 39.f3 fxe4 40.fxe4 Kf7 
41.h4 Rb1 42.Kd4 Re1 43.Re3 Rd1+ 44.Kc3 Rc1+ 45.Kb3 Rd1 46.Rb7+ Kg6 47.Rd7
Rd4 48.Kc3 Rd1 49.Rd3 Rc1+ 50.Kb2 Rc6 51.Kb3 Kf6 52.Rd5 g5 53.b5 Rb6 54.
hxg5+ hxg5 55.Kb4 Rxe4+ 56.Ka5 Ke6 57.Kxb6 Kxd5 58.Rf7 Ke6 59.Rf3 Rb4 60.
Rc3 Kd7 61.Ka5 Rb1 62.b6 d5 63.Ka6 d4 64.Rc4 d3 65.Kb7 Kd6 66.Rd4+ Kc5 67.
Rxd3 Rxb6+ 68.Ka7 Rb5 1/2-1/2

[Event "III Festival Magistrale"]
[Site "Nereto ITA"]
[Date "1998.08.18"]
[Round "8"]
[White "Farina, Saverio"]
[Black "Simeoni, Matteo"]
[Result "1-0"]
[WhiteElo "2170"]
[BlackElo "2035"]
[PlyCount "57"]
[EventDate "1998.08.11"]

1.d4 f5 2.c4 e6 3.Nc3 Bb4 4.Qb3 Qe7 5.Nf3 Nf6 6.Bg5 b6 7.e3 Bb7 8.Be2 
Bxc3+ 9.Qxc3 Ne4 10.Bxe7 Nxc3 11.Ba3 Nxe2 12.Kxe2 Nc6 13.Rhd1 Ne7 14.Rac1 
g5 15.d5 g4 16.Nd4 Rc8 17.dxe6 dxe6 18.f3 gxf3+ 19.gxf3 Kf7 20.Rg1 Ng6 21.
b3 Rhd8 22.Bb2 Rd7 23.Rg3 Rcd8 24.Rh3 Rxd4 25.Bxd4 Rxd4 26.Rxh7+ Kg8 27.
Rxc7 Bxf3+ 28.Kxf3 Rd2 29.Rg1 1-0

[Event "III Festival Magistrale"]
[Site "Nereto ITA"]
[Date "1998.08.18"]
[Round "8"]
[White "Komljenovic, Davorin"]
[Black "Contin, Daniel"]
[Result "1/2-1/2"]
[WhiteElo "2480"]
[BlackElo "2340"]
[PlyCount "40"]
[EventDate "1998.08.11"]

1.c4 c5 2.Nf3 Nf6 3.Nc3 g6 4.g3 b6 5.Bg2 Bb7 6.O-O Bg7 7.e3 O-O 8.d4 cxd4 
9.exd4 d5 10.Ne5 Na6 11.Bg5 Ne4 12.Be3 Nxc3 13.bxc3 Rc8 14.cxd5 Bxd5 15.
Bxd5 Qxd5 16.Qb3 Rfd8 17.c4 Qe6 18.Qa3 Bxe5 19.dxe5 Nc5 20.Rad1 Rxd1 
1/2-1/2

[Event "III Festival Magistrale"]
[Site "Nereto ITA"]
[Date "1998.08.18"]
[Round "8"]
[White "Lazarev, Vladimir"]
[Black "Safranska, Anda"]
[Result "1-0"]
[WhiteElo "2450"]
[BlackElo "2275"]
[PlyCount "55"]
[EventDate "1998.08.11"]

1.d4 Nf6 2.c4 g6 3.Nc3 Bg7 4.e4 d6 5.Nf3 O-O 6.Be2 e5 7.O-O exd4 8.Nxd4 
Re8 9.f3 Nc6 10.Be3 Nh5 11.Qd2 Nf4 12.Rfd1 Nxe2+ 13.Ncxe2 Ne5 14.b3 c6 15.
Rac1 Qc7 16.Nc3 b6 17.Nde2 Bf8 18.Bh6 Rd8 19.Bxf8 Kxf8 20.Qh6+ Kg8 21.Rd2 
Be6 22.Rcd1 Rd7 23.h3 f6 24.f4 Nf7 25.Qh4 Kg7 26.f5 gxf5 27.Nf4 Re7 28.
Nh5+ 1-0

[Event "III Festival Magistrale"]
[Site "Nereto ITA"]
[Date "1998.08.18"]
[Round "8"]
[White "Sansonetti, Giorgio"]
[Black "Suppa, Ercole"]
[Result "1-0"]
[WhiteElo "2200"]
[BlackElo "2115"]
[PlyCount "63"]
[EventDate "1998.08.11"]

1.f4 d5 2.Nf3 c5 3.e3 Nf6 4.d4 e6 5.Nbd2 Nc6 6.c3 Be7 7.Ne5 O-O 8.Bd3 Nd7 
9.Qh5 g6 10.Qe2 f6 11.Nxc6 bxc6 12.e4 cxd4 13.cxd4 Nb6 14.O-O c5 15.f5 Kg7
16.fxe6 Bxe6 17.e5 f5 18.Nf3 Rc8 19.Be3 c4 20.Bc2 Rb8 21.Qd2 Kh8 22.Bh6 
Re8 23.Ng5 Qd7 24.Qf4 Bf8 25.Bxf8 Rxf8 26.Rf3 Rbe8 27.a4 a5 28.Rh3 h5 29.
Raa3 Re7 30.Qd2 Qa7 31.Nxe6 Rxe6 32.Qh6+ 1-0

[Event "III Festival Magistrale"]
[Site "Nereto ITA"]
[Date "1998.08.18"]
[Round "8"]
[White "Tribuiani, Renato"]
[Black "Sbraccia, Giovanni"]
[Result "1-0"]
[WhiteElo "2125"]
[BlackElo "2115"]
[PlyCount "81"]
[EventDate "1998.08.11"]

1.d4 Nf6 2.e3 c5 3.Bd3 g6 4.c3 b6 5.Qe2 Bg7 6.Nd2 O-O 7.f4 Bb7 8.Nh3 e6 9.
O-O Nc6 10.Nf3 Qc7 11.Bd2 d6 12.Be1 e5 13.fxe5 dxe5 14.Bg3 Nh5 15.Bf2 exd4
16.cxd4 cxd4 17.exd4 Rad8 18.Rac1 Qd7 19.Bb5 Qd5 20.Bc4 Nxd4 21.Bxd4 Bxd4+
22.Kh1 Qe4 23.Nxd4 Rxd4 24.Rxf7 Rxc4 25.Rxf8+ Kxf8 26.Qf1+ Kg7 27.Rxc4 Qd5
28.Rc7+ Kg8 29.Qc4 a5 30.Qxd5+ Bxd5 31.a3 h6 32.Kg1 g5 33.g3 Nf6 34.Nf2 
Bf3 35.Nd3 Nd5 36.Rd7 h5 37.Kf2 Be4 38.Ne5 Nf6 39.Rd6 Nd5 40.Nd7 b5 41.
Rxd5 1-0

[Event "III Festival Magistrale"]
[Site "Nereto ITA"]
[Date "1998.08.19"]
[Round "9"]
[White "Aleksic, Nenad"]
[Black "Safranska, Anda"]
[Result "1-0"]
[WhiteElo "2445"]
[BlackElo "2275"]
[PlyCount "68"]
[EventDate "1998.08.11"]

1.e4 Nf6 2.d3 e5 3.Nf3 d6 4.Be2 g6 5.c3 Bg7 6.O-O O-O 7.Re1 Nc6 8.b4 a5 9.
b5 Ne7 10.Nbd2 h6 11.Bf1 Bd7 12.d4 Nh5 13.a4 b6 14.dxe5 dxe5 15.Qc2 Kh7 
16.Nc4 f6 17.Ne3 Nf4 18.Ba3 Re8 19.Rad1 Qc8 20.h3 Bc6 21.c4 f5 22.Bb2 fxe4
23.Nxe5 Bd7 24.N5g4 Bxb2 25.Qxb2 Ng8 26.Rd2 c5 27.bxc6 Qxc6 28.Red1 Rab8 
29.Nf6+ Nxf6 30.Qxf6 Nh5 31.Qa1 Rb7 32.Be2 Nf4 33.Bg4 Qc8 34.Be6 Rxe6 1-0

[Event "III Festival Magistrale"]
[Site "Nereto ITA"]
[Date "1998.08.19"]
[Round "9"]
[White "Farina, Saverio"]
[Black "Komljenovic, Davorin"]
[Result "0-1"]
[WhiteElo "2170"]
[BlackElo "2480"]
[PlyCount "122"]
[EventDate "1998.08.11"]

1.d4 Nf6 2.c4 e6 3.a3 d5 4.Nc3 dxc4 5.e3 a6 6.Bxc4 b5 7.Ba2 Bb7 8.Nf3 c5 
9.O-O Be7 10.dxc5 Qxd1 11.Rxd1 Bxc5 12.b4 Be7 13.Bb2 Nbd7 14.Ne2 O-O 15.
Ned4 Nb6 16.Rac1 Rfc8 17.Ne5 Na4 18.Ba1 Nd5 19.Ndc6 Bf6 20.Bxd5 exd5 21.
Na5 Rxc1 22.Rxc1 Rc8 23.Rxc8+ Bxc8 24.Bd4 Kf8 25.Nac6 Ke8 26.f4 g6 27.Kf2 
Bg7 28.Kf3 h5 29.g3 Bf8 30.g4 Bd6 31.gxh5 gxh5 32.Kg3 f6 33.Nd3 Bd7 34.Na5
Kf7 35.Nb7 Bc7 36.Ndc5 Nxc5 37.Nxc5 Bc8 38.Kf3 a5 39.Nb3 Bg4+ 40.Kg3 axb4 
41.axb4 Bd1 42.Nc5 Bd6 43.Nd3 Be2 44.Bc5 Bc7 45.Ne1 Bd1 46.Nf3 Bxf3 47.
Kxf3 Ke6 48.e4 dxe4+ 49.Kxe4 f5+ 50.Ke3 Kd5 51.Bf8 Kc4 52.Be7 Bb6+ 53.Kf3 
Bd4 54.Kg3 Bc3 55.Kh4 Bxb4 56.Bf6 Bc3 57.Be7 Kd5 58.Kxh5 b4 59.Bxb4 Bxb4 
60.Kg6 Ke4 61.h4 Be7 0-1

[Event "III Festival Magistrale"]
[Site "Nereto ITA"]
[Date "1998.08.19"]
[Round "9"]
[White "Sbraccia, Giovanni"]
[Black "Lauria, Amilcare"]
[Result "1-0"]
[WhiteElo "2115"]
[BlackElo "2255"]
[PlyCount "99"]
[EventDate "1998.08.11"]

1.g3 g6 2.Bg2 Bg7 3.e4 d6 4.d3 c5 5.f4 Nc6 6.Nf3 Nf6 7.O-O O-O 8.Nc3 Rb8 
9.Ne2 c4 10.h3 e5 11.g4 Qc7 12.Be3 b6 13.Ng3 Ba6 14.g5 Nd7 15.f5 Rfe8 16.
Rf2 cxd3 17.cxd3 Nc5 18.Bf1 Qd7 19.Nh2 d5 20.Rd2 d4 21.Bf2 Bc8 22.Ng4 Qd6 
23.Qf3 Nb4 24.h4 gxf5 25.Nxf5 Bxf5 26.Qxf5 Qg6 27.Bg3 Rbd8 28.Qf3 Rd6 29.
Rg2 Kf8 30.a3 Nc6 31.Be1 a5 32.Rc1 Ne6 33.Bd2 Nc5 34.Be1 Ree6 35.Be2 h6 
36.Qf5 Ne7 37.Qxg6 Rxg6 38.gxh6 Bxh6 39.Nxh6 Rxh6 40.h5 Nb3 41.Rd1 Rc6 42.
Bh4 Rc2 43.Bg5 Rhc6 44.Rf1 Ng8 45.Rgf2 f6 46.h6 Rc7 47.Bxf6 Nxf6 48.Rxf6+ 
Kg8 49.Bg4 Rc1 50.Be6+ 1-0

[Event "III Festival Magistrale"]
[Site "Nereto ITA"]
[Date "1998.08.19"]
[Round "9"]
[White "Simeoni, Matteo"]
[Black "Barlov, Dragan"]
[Result "0-1"]
[WhiteElo "2035"]
[BlackElo "2495"]
[PlyCount "74"]
[EventDate "1998.08.11"]

1.e4 c5 2.Nf3 e6 3.d4 cxd4 4.Nxd4 a6 5.c4 b6 6.Nc3 Bb7 7.Nc2 Nf6 8.Qe2 d6 
9.g3 Nbd7 10.Bg2 Rc8 11.Bd2 Be7 12.O-O Rc7 13.Rfd1 O-O 14.Rac1 Qa8 15.f3 
Rfc8 16.Ne3 Bf8 17.Be1 b5 18.cxb5 axb5 19.Rc2 b4 20.Nb1 d5 21.Rxc7 Rxc7 
22.e5 Nxe5 23.f4 Ned7 24.b3 Bc5 25.Rd3 Ba6 26.Bf2 Bxd3 27.Qxd3 Qxa2 28.Bf3
Bxe3 29.Bxe3 Nc5 30.Qd1 Qxb3 31.Qc1 Qc4 32.Qd2 Nfe4 33.Bxe4 Nxe4 34.Qe1 h6
35.g4 d4 36.Nd2 Qc1 37.Bf2 Nxd2 0-1

[Event "V Festival A"]
[Site "Campobasso ITA"]
[Date "1998.09.11"]
[Round "1"]
[White "Campanile, Antonio"]
[Black "De Toma, Francesco"]
[Result "1-0"]
[WhiteElo "2155"]
[BlackElo "1740"]
[PlyCount "107"]
[EventDate "1998.09.11"]

1. c4 e5 2. Nc3 Nf6 3. Nf3 e4 4. Ng5 e3 5. dxe3 Bb4 6. Bd2 O-O 7. Nge4 Re8 8.
Nxf6+ Qxf6 9. a3 Bf8 10. Nd5 Qd8 11. Bc3 c6 12. Nf4 d6 13. g3 Nd7 14. Bg2 Ne5
15. b3 Bf5 16. e4 Bd7 17. O-O Qc7 18. Rc1 a5 19. a4 b6 20. Qc2 Ra7 21. h3 Bc8
22. Nh5 f6 23. Nf4 Qf7 24. Bd4 Rb7 25. Nd3 Qg6 26. f4 Qxg3 27. Bf2 Qg6 28. fxe5
Bxh3 29. Nf4 Qh6 30. Nxh3 dxe5 31. Rcd1 Bb4 32. Qd3 Qg6 33. Qg3 Qf7 34. Be3 Qe7
35. Nf2 Qf7 36. Rd3 b5 37. cxb5 cxb5 38. axb5 Rxb5 39. Ng4 Kh8 40. Rfd1 Rb7 41.
Bf2 Reb8 42. Ne3 h6 43. Bh3 g6 44. Qg4 h5 45. Qe6 Kg7 46. Rd7 Be7 47. Qxf7+
Kxf7 48. Rxb7 Rxb7 49. Rd3 g5 50. Bd7 Rb4 51. Bc6 Rd4 52. Bd5+ Kg6 53. Nf5 Bc5
54. Nxd4 1-0